00506nam a22001817a 450000500170000001000150001702000260003203500170005803500130007503700230008803700130011108200060012410000200013024500410015026000330019127000800022430000200030420160908115848.0 aENG-115937 a9780670086191c499.00 aB-606149-164 aEN-99469 adplbBlueberry/Ven bDBAD/PUB aN aChaudhuri, Amit aOdysseus abroad/cby Amit Chaudhuri bPenguin Booksc2014aGurgaon a7th Floor, Infinity Tower C, DLF Cyber CitybGurgaone122002, Haryana India a241p.c21cm(Hb)